[Event "Thessaloniki ol (Men)"]
[Site "Thessaloniki"]
[Date "1988.??.??"]
[Round "3"]
[White "Panno, Oscar"]
[Black "Karpov, Anatoly"]
[Result "0-1"]
[WhiteElo "2485"]
[BlackElo "2725"]

1.Nf3 Nf6 2.c4 e6 3.Nc3 c5 4.g3 b6 5.Bg2 Bb7 6.O-O Be7 7.d4 cxd4 8.Qxd4 O-O
9.Rd1 Nc6 10.Qf4 Qc8 11.b3 Rd8 12.Bb2 Qb8 13.Ng5 Qxf4 14.gxf4 Ne8 15.Nf3 Rab8
16.Rd2 a6 17.Rad1 d6 18.f5 exf5 19.Nd5 b5 20.Nxe7+ Nxe7 21.c5 d5 22.b4 f6
23.Nd4 Kf7 24.f4 Nc7 25.Nb3 Ba8 26.e3 Ne6 27.a3 Rd7 28.Kf1 Rbd8 29.Bd4 h5
30.Rf2 h4 31.Ke2 Rh8 32.Bh3 Bb7 33.Kd3 Rdd8 34.Na5 Bc8 35.Ra1 g5 36.Kc3 Rdg8
37.Kd3 Rh6 38.Raf1 Rhg6 39.Nb3 Bd7 40.Nd2 Rh6 41.Nb3 g4 42.Bg2 h3 43.Bh1 Nc7
44.Bc3 Nc6 45.Rd1 Re8 46.Rfd2 Kg6 47.Ke2 Rh7 48.Kf2 Rhe7 49.Rd3 Bc8 50.Bb2 Bb7
51.Bc1 Nd8 52.Rc3 Ba8 53.Rc2 Nde6 54.c6 Rd8 55.Bb2 Rd6 56.Rdc1 Ne8 57.Nd4 N6c7
58.Rc5 Rd8 59.Rd1 Nd6 60.Rxd5 Nxd5 61.Bxd5 Rde8 62.Rd3 Ne4+  0-1

[Event "Thessaloniki ol (Men)"]
[Site "Thessaloniki"]
[Date "1988.??.??"]
[Round "4"]
[White "Uhlmann, Wolfgang"]
[Black "Atalik, Suat"]
[Result "1/2-1/2"]
[WhiteElo "2505"]
[BlackElo "2390"]

1.c4 Nf6 2.Nc3 c5 3.Nf3 e6 4.g3 d5 5.cxd5 Nxd5 6.Bg2 Nc6 7.O-O Be7 8.Nxd5 exd5
9.d4 O-O 10.dxc5 Bxc5 11.Ng5 h6 12.Nh3 Bxh3 13.Bxh3 d4 14.Qc2 Bb6 15.Bd2 Re8
16.Rfe1 Rxe2 17.Rxe2 d3 18.Qd1 dxe2 19.Qxe2 Bd4  1/2-1/2

[Event "Thessaloniki ol (Men)"]
[Site "Thessaloniki"]
[Date "1988.??.??"]
[Round "4"]
[White "Ljubojevic, Ljubomir"]
[Black "Franco Ocampo, Zenon"]
[Result "1/2-1/2"]
[WhiteElo "2600"]
[BlackElo "2475"]

1.Nf3 Nf6 2.c4 c5 3.Nc3 d5 4.cxd5 Nxd5 5.d4 e6 6.e4 Nxc3 7.bxc3 cxd4 8.cxd4 Bb4+
9.Bd2 Bxd2+ 10.Qxd2 O-O 11.Be2 Nd7 12.Rc1 Nf6 13.Bd3 b6 14.e5 Nd5 15.Ng5 f5
16.exf6 Nxf6 17.O-O h6 18.Nh3 Qd6 19.Rfe1 Bd7 20.Qf4 Qxf4 21.Nxf4 Rac8 22.Ng6 Rxc1
23.Rxc1 Rd8 24.Ne5 Be8 25.Bc4  1/2-1/2

[Event "Thessaloniki ol (Men)"]
[Site "Thessaloniki"]
[Date "1988.??.??"]
[Round "5"]
[White "Rodgaard, John"]
[Black "Klinger, Josef"]
[Result "0-1"]
[WhiteElo "2380"]
[BlackElo "2475"]

1.c4 c5 2.Nc3 e6 3.Nf3 Nf6 4.d4 cxd4 5.Nxd4 d6 6.e3 Be7 7.Be2 O-O 8.O-O a6
9.b3 Qc7 10.a4 b6 11.Bf3 Bb7 12.Ba3 Nbd7 13.Bxb7 Qxb7 14.Qf3 Qxf3 15.gxf3 Rfc8
16.Rfd1 Bf8 17.Nde2 Nc5 18.Rab1 Ra7 19.Rd2 Rd7 20.Ng3 d5 21.cxd5 Rcd8 22.Kf1 Nxd5
23.Nxd5 Rxd5 24.Rxd5 Rxd5 25.Bxc5 Rxc5 26.Ne4 Rc6 27.Rb2 f5 28.Nd2 g5 29.Ke2 Bd6
30.h3 b5 31.axb5 axb5 32.Ra2 Bb4 33.f4 gxf4 34.exf4 Bd6 35.Nf3 Bxf4 36.Nd4 Rb6
37.Ra7 Be5 38.Ke3 Bf6 39.f4 b4 40.Nf3 Rc6 41.Rb7 Rc3+ 42.Ke2 Rxb3 43.Rb6 Kf7
44.Rb7+ Kf8 45.Rxh7 Rxf3 46.Kxf3 Bg7 47.Rh5 b3 48.Rg5 Bd4  0-1

[Event "Thessaloniki ol (Men)"]
[Site "Thessaloniki"]
[Date "1988.??.??"]
[Round "5"]
[White "Dienavorian, Manuel"]
[Black "Grivas, Efstratios"]
[Result "1/2-1/2"]
[WhiteElo "2295"]
[BlackElo "2400"]

1.Nf3 c5 2.c4 Nf6 3.Nc3 e6 4.g3 b6 5.Bg2 Bb7 6.O-O Be7 7.b3 a6 8.Bb2 O-O
9.d4 cxd4 10.Nxd4 Bxg2 11.Kxg2 Qc7 12.e4 d6 13.Qe2 Nbd7 14.Rad1 Rfe8 15.Rfe1 Bf8
16.f3 Rac8 17.Rc1 Qb7 18.Red1 Ne5 19.h3 h5 20.f4 Ng6 21.Nf3 h4 22.Nxh4 Nxh4+
23.gxh4 g6 24.Qf3 Nh5 25.Ne2 e5 26.f5 Qe7 27.Rg1 Bh6 28.Rcf1 Rf8 29.Bc1 Bxc1
30.Rxc1 Kg7 31.Kh2 Rh8 32.fxg6 fxg6 33.Qg4 Qe8 34.Rcf1 Rh6 35.Ng3 Nxg3 36.Rxg3 Rc7
37.h5 Qd7 38.Qxd7+ Rxd7 39.Rxg6+ Rxg6 40.hxg6 Kxg6 41.Kg3 b5 42.Rd1 bxc4
43.bxc4 Kf6 44.c5 Rg7+ 45.Kf3 dxc5 46.Rd6+ Kg5 47.Re6 Kh4 48.Rh6+ Kg5 49.Re6 Kh4
50.Rxe5 Rg3+ 51.Kf4 Ra3 52.Rxc5 Rxa2 53.Rc3 a5 54.e5 a4 55.e6 a3 56.e7 Re2
57.Re3 Rxe3 58.Kxe3 a2 59.e8=Q a1=Q  1/2-1/2

[Event "Thessaloniki ol (Men)"]
[Site "Thessaloniki"]
[Date "1988.??.??"]
[Round "5"]
[White "Schmidt, Wlodzimierz"]
[Black "Johansen, Darryl K"]
[Result "1-0"]
[WhiteElo "2465"]
[BlackElo "2415"]

1.Nf3 c5 2.c4 Nf6 3.Nc3 e6 4.g3 b6 5.Bg2 Bb7 6.d4 cxd4 7.Qxd4 Be7 8.O-O d6
9.Rd1 a6 10.Bg5 Nbd7 11.Qd2 Rc8 12.Bf4 e5 13.Be3 Ba8 14.b3 O-O 15.a4 Re8
16.Bh3 Rb8 17.Qc2 Bf8 18.Rac1 Bc6 19.Ng5 h6 20.Nge4 Nxe4 21.Nxe4 Qc7 22.Rd2 Nc5
23.Nc3 Qb7 24.b4 Ne6 25.b5 axb5 26.axb5 Bd7 27.Bg2 Qc7 28.Nd5 Qd8 29.Ra1 Nc5
30.Ra7 Be6 31.Bxc5 bxc5 32.Be4 Qg5 33.h4 Qd8 34.Qd3 Kh8 35.Rda2 Kg8 36.Nc7 Re7
37.Nxe6 fxe6 38.Ra8 g5 39.hxg5 hxg5 40.Qf3 Rf7 41.Rxb8 Qxb8 42.Qg4 d5 43.cxd5 Qxb5
44.dxe6 Rg7 45.Ra8  1-0

[Event "Thessaloniki ol (Men)"]
[Site "Thessaloniki"]
[Date "1988.??.??"]
[Round "10"]
[White "Rogers, Ian"]
[Black "Small, Vernon A"]
[Result "1-0"]
[WhiteElo "2540"]
[BlackElo "2340"]

1.Nf3 Nf6 2.c4 c5 3.Nc3 e6 4.g3 b6 5.Bg2 Bb7 6.O-O Be7 7.Re1 d6 8.e4 Nbd7
9.d4 cxd4 10.Nxd4 Qc8 11.b3 O-O 12.Bb2 a6 13.Qe2 Qc7 14.h3 Rad8 15.Qe3 Qb8
16.Re2 Ba8 17.Rae1 Ne8 18.Kh2 Nc7 19.a4 Rfe8 20.f4 Bf6 21.Ba3 Bxd4 22.Qxd4 Nc5
23.b4 e5 24.Qd2 N5e6 25.b5 Nd4 26.Rf2 axb5 27.axb5 Nce6 28.f5 Nc5 29.f6 h6
30.Ref1 Rd7 31.Qd1 g6 32.Bc1 Kh7 33.Qd2 g5 34.Qd1 Rg8 35.Be3 Nce6 36.Nd5 Rc7
37.Nxc7 Qxc7 38.Qd3 Nc5 39.Qb1 Nce6 40.Qb4 Bb7 41.Ra2 Rc8 42.Bxd4 Nxd4 43.Ra4 Qd7
44.Qa3 Rc7 45.Rf2 Qe6 46.Qd3 Qd7 47.Bf3 Nxf3+ 48.Qxf3  1-0

[Event "Tirnavia"]
[Site "Trnava"]
[Date "1988.??.??"]
[Round "?"]
[White "Ftacnik, Lubomir"]
[Black "Psakhis, Lev"]
[Result "1/2-1/2"]
[WhiteElo "2570"]
[BlackElo "2550"]

1.Nf3 Nf6 2.c4 b6 3.Nc3 c5 4.d4 cxd4 5.Nxd4 Bb7 6.Bg5 a6 7.f3 e6 8.e4 Qc7
9.Qd2 Be7 10.Rc1 O-O 11.Be2 d6 12.O-O Nbd7 13.Kh1 Rac8 14.b4 Qb8 15.a3 Rc7
16.Rc2 Rfc8 17.Rfc1 h6 18.Be3 Ba8 19.Na4 Bf8 20.Nb3 Bc6 21.Nc3 Ba8 22.Na4 Bc6
23.Nc3  1/2-1/2

[Event "Tirnavia"]
[Site "Trnava"]
[Date "1988.??.??"]
[Round "?"]
[White "Boensch, Uwe"]
[Black "Ftacnik, Lubomir"]
[Result "0-1"]
[WhiteElo "2575"]
[BlackElo "2570"]

1.c4 Nf6 2.Nc3 c5 3.Nf3 e6 4.g3 b6 5.Bg2 Bb7 6.O-O Be7 7.d4 cxd4 8.Qxd4 d6
9.Rd1 a6 10.Bg5 Nbd7 11.Qd2 O-O 12.Bf4 Ne8 13.Rac1 Qc7 14.e4 Rd8 15.Qe2 Nef6
16.Nd2 Rfe8 17.h3 Qb8 18.b4 Qa8 19.Nb3 d5 20.e5 Ne4 21.cxd5 Nxc3 22.Rxc3 Nf8
23.b5 axb5 24.Qxb5 Bxd5 25.Bxd5 Rxd5 26.Rxd5 exd5 27.Be3 Bc5 28.Nxc5 bxc5
29.Rxc5 d4 30.Bc1 Rb8 31.Qd3 Qxa2 32.Qxd4 Ne6 33.Qc4 Qa8 34.Rc6 Nd4 35.Rc5 Rd8
36.Be3 Nf3+ 37.Kf1 Nh2+ 38.Ke1 Qh1+  0-1

[Event "Tirnavia-B"]
[Site "Trnava"]
[Date "1988.??.??"]
[Round "6"]
[White "Vokac, Marek"]
[Black "Brestian, Egon"]
[Result "1/2-1/2"]
[WhiteElo "2410"]
[BlackElo "2395"]

1.c4 c5 2.Nf3 Nf6 3.Nc3 g6 4.g3 b6 5.Bg2 Bb7 6.O-O Bg7 7.b3 d5 8.cxd5 Nxd5
9.Qc2 O-O 10.Bb2 Nc6 11.Rac1 Rc8 12.Qb1 Nc7 13.Rfd1 e5 14.a3 Qe7 15.Ne1 Ne6
16.b4 cxb4 17.axb4 Ncd4 18.e3 Bxg2 19.Kxg2 Qb7+ 20.Qe4 Qxe4+ 21.Nxe4 Nb5
22.Nc3 Nxc3 23.Bxc3 Nc7 24.Nf3 f6 25.Kf1 Kf7 26.Bb2 Nb5 27.d4 e4 28.Nd2 f5
29.Nc4 Rfd8 30.Rc2 Ke7 31.Rdc1 Rc7 32.Na3 Rxc2 33.Rxc2 Nxa3 34.Bxa3 Kd7 35.b5 Rc8
36.Ra2 Rc7 37.d5 Rc4 38.Bb4 Rxb4 39.Rxa7+ Kd6 40.Rxg7 Kxd5 41.Rxh7 Ke6 42.Rc7 Rxb5
43.Rc6+ Kf7 44.h4 Rb1+ 45.Kg2 b5  1/2-1/2

[Event "Tirnavia-B"]
[Site "Trnava"]
[Date "1988.??.??"]
[Round "8"]
[White "Robatsch, Karl"]
[Black "Brestian, Egon"]
[Result "1/2-1/2"]
[WhiteElo "2415"]
[BlackElo "2395"]

1.Nf3 Nf6 2.c4 e6 3.Nc3 c5 4.g3 b6 5.Bg2 Bb7 6.O-O Be7 7.d4 cxd4 8.Qxd4 Nc6
9.Qf4 O-O 10.Rd1 Qb8 11.b3 Rd8 12.Qxb8 Raxb8 13.Bf4 Rbc8 14.Nb5 d5 15.Ne5 Nxe5
16.Bxe5 a6 17.Nc3 b5 18.cxb5 Bc5 19.Bxf6 gxf6 20.bxa6 Bxa6 21.Bf1 Ba3 22.Na4 Bb5
23.e3 Be8 24.Rd4 f5 25.Rad1 Rc2 26.R4d2 Rxd2 27.Rxd2 Bxa4 28.bxa4 Rc8 29.Rd3 Bb4
30.Rb3 Ba5 31.Rb5 Ra8 32.Rb7 Rc8 33.Bd3 Rc7 34.Rb5 Ra7 35.Rc5 Bb4 36.Rc8+ Kg7
37.Bc2 Kf6 38.Kf1 Ba5 39.Rc6 Ke7 40.Bb3 Bd8 41.Ke2 Kd7 42.Rc1 Rc7 43.Rh1 Rc5
44.h3 Bc7 45.Rd1 Be5 46.Rb1 h6 47.Bd1 Bc7 48.Kd3 Rc4 49.Bb3 Rb4 50.Rc1 Rb8
51.Rc5 Kd6 52.Rb5 Kc6 53.Rxb8 Bxb8 54.Bd1 Bc7 55.Bh5 f6 56.Bf7 Kd6 57.Be8 Ba5
58.Bb5 Ke7 59.Ba6 Kd7 60.Ke2 Ke7 61.Bc8 Bc3  1/2-1/2

[Event "Tirnavia-B"]
[Site "Trnava"]
[Date "1988.??.??"]
[Round "11"]
[White "Cvetkovic, Srdjan"]
[Black "Brestian, Egon"]
[Result "0-1"]
[WhiteElo "2430"]
[BlackElo "2395"]

1.c4 c5 2.Nf3 Nf6 3.Nc3 g6 4.e4 d6 5.d4 cxd4 6.Nxd4 Bg7 7.Be2 O-O 8.Be3 Nc6
9.O-O a6 10.Qd2 Bd7 11.f3 Nxd4 12.Bxd4 Qa5 13.a3 Rfc8 14.b4 Qd8 15.Rac1 e5
16.Be3 Be6 17.Na4 Rc6 18.c5 dxc5 19.Qxd8+ Rxd8 20.Nxc5 Bc8 21.Nb3 Rxc1 22.Rxc1 Nd7
23.Rc7 b5 24.Na5 Nb8 25.Ba7 Be6 26.Nb7 Rd2 27.Bxb8 Rxe2 28.Nc5 Re3 29.Ra7 Bc4
30.Ra8 f6 31.Bxe5+ Kf7 32.Bd4 Rxa3 33.Ra7+ Kg8 34.Ra8+ Kf7 35.Ra7+ Kg8 36.Rxa6 Rxa6
37.Nxa6 Kf7 38.Bc5 f5 39.Kf2 fxe4 40.fxe4 Be5 41.g3 Be6 42.Ke3 Bc8 43.Bd4 Bxd4+
44.Kxd4 Bxa6 45.Kc5 Bb7 46.Kxb5 Bxe4 47.Kb6 Ke6 48.Kc7 Bd3 49.Kc6 Kf5 50.Kd5 Kg4
51.Kd4 Bb5 52.Ke5 Kh3  0-1

[Event "Uzhgorod"]
[Site "Uzhgorod"]
[Date "1988.??.??"]
[Round "?"]
[White "Andonov, Bogomil"]
[Black "Magerramov, Elmar"]
[Result "0-1"]
[WhiteElo "2415"]
[BlackElo "2430"]

1.Nf3 Nf6 2.c4 c5 3.Nc3 e6 4.d4 cxd4 5.Nxd4 d5 6.cxd5 Nxd5 7.Bd2 Bc5 8.Nb3 Bb6
9.Nxd5 exd5 10.Bc3 O-O 11.e3 Nc6 12.Qh5 d4 13.Rd1 Be6 14.Nxd4 Nxd4 15.Rxd4 Bxd4
16.Bxd4 f5 17.Be2 Qa5+ 18.Bc3 Qxa2 19.Qg5 Rf7 20.O-O Bc4 21.Bxc4 Qxc4 22.Rd1 Re8
23.Rd8 Qe6 24.h3 b6 25.Rxe8+ Qxe8 26.Qg3 h6 27.Qd6 Kh7 28.Qd5 Qd7 29.Qc4 Re7
30.Bd4 Qe6 31.Qc3 f4 32.exf4 Qe1+ 33.Kh2 Qxc3 34.Bxc3 Rd7 35.g3 a5 36.Kg2 Rd3
37.Be5 a4 38.Kf1 Rd2 39.Ke1 Rc2 40.Bd4 b5 41.Kd1 Rc4 42.Be5 b4 43.b3 axb3
44.f5 Rc5 45.f4 Rc3 46.g4 Rxh3 47.f6 gxf6 48.Bxf6 Rg3 49.g5 h5 50.Be5 Rg2  0-1

[Event "URS-ch otbor56"]
[Site "Uzhgorod"]
[Date "1988.??.??"]
[Round "?"]
[White "Sideif Sade, Fikret I"]
[Black "Malisauskas, Vidmantas"]
[Result "1/2-1/2"]
[WhiteElo "2395"]
[BlackElo "2475"]

1.c4 c5 2.Nf3 Nf6 3.Nc3 g6 4.d4 cxd4 5.Nxd4 Nc6 6.e4 d6 7.Be2 Nxd4 8.Qxd4 Bg7
9.Bg5 Qa5 10.Qd2 Be6 11.Rc1 O-O 12.f3 Rfc8 13.Nd5 Qxd2+ 14.Kxd2 Bxd5 15.exd5 a5
16.b3 Kf8 17.h4 Nd7 18.Be3 Bb2 19.Rb1 Ba3 20.Bd4 Bb4+ 21.Ke3 Bc5 22.h5 e5
23.dxe6 Re8 24.Bxc5 Nxc5 25.Kf2 Nxe6 26.g3 Rad8 27.Rbd1 Nc5 28.Rd4 Re6 29.Rhd1 Ke7
30.Bf1 Re5 31.hxg6 hxg6 32.f4 Rh5 33.Bg2 Ne6 34.Re1 Kf6 35.Rd2 b5 36.cxb5 Rxb5
37.Bd5 Rc5 38.Re4 Nc7 39.Red4 Nb5 40.R4d3 Rc3 41.Rxc3 Nxc3 42.Ke3 Re8+ 43.Kf3 Rb8
44.g4 g5 45.Rd3 Nxa2 46.Bc4 Ke7 47.Rd5 Nc3 48.Rxg5 d5 49.Bxd5 Nxd5 50.Rxd5  1/2-1/2

[Event "URS-ch otbor56"]
[Site "Uzhgorod"]
[Date "1988.??.??"]
[Round "?"]
[White "Arbakov, Valentin"]
[Black "Donchenko, Anatoly G"]
[Result "1/2-1/2"]
[WhiteElo "2415"]
[BlackElo "2385"]

1.c4 c5 2.Nc3 Nf6 3.Nf3 b6 4.e4 d6 5.d4 cxd4 6.Nxd4 Bb7 7.Qe2 g6 8.g3 Bg7
9.Bg2 O-O 10.O-O Nc6 11.Be3 Nxd4 12.Bxd4 Nd7 13.Bxg7 Kxg7 14.Rad1 Rc8 15.b3 a6
16.Rfe1 Re8 17.h4 b5 18.cxb5 Qa5 19.Nd5 Qxb5 20.Qxb5 axb5 21.Bh3 e6 22.Nb4 Ne5
23.Bg2 Red8 24.Rc1 Kf8 25.f4 Nc6 26.Nxc6 Bxc6 27.Kf2 Ke7 28.Ke3 f5 29.Bf3 fxe4
30.Bxe4 Bxe4 31.Kxe4 h5 32.Kd4 Kf6 33.Rxc8 Rxc8 34.a4 bxa4 35.bxa4 Ra8 36.Ra1 e5+
37.fxe5+ dxe5+ 38.Kc5 e4 39.Kd4 Kf5 40.a5 Kg4 41.Ra3 e3 42.Kxe3 Kxg3 43.Ra4 g5
44.hxg5 h4 45.Ra1 h3 46.Rg1+ Kh4 47.g6 h2 48.Rh1 Kg3 49.g7 Rg8 50.Kd4 Rxg7
51.Kc5  1/2-1/2

[Event "Val Maubuee"]
[Site "Val Maubuee"]
[Date "1988.??.??"]
[Round "?"]
[White "Forintos, Gyozo V"]
[Black "Pergericht, Daniel"]
[Result "1-0"]
[WhiteElo "2345"]
[BlackElo "2325"]

1.c4 c5 2.Nf3 Nf6 3.Nc3 b6 4.g3 Bb7 5.Bg2 g6 6.O-O Bg7 7.Re1 O-O 8.e4 Nc6
9.h3 e6 10.d3 a6 11.Be3 d6 12.d4 Na5 13.Qd3 cxd4 14.Nxd4 Nd7 15.b3 Qe7 16.Qd2 Rac8
17.Rad1 Rfd8 18.Na4 Rb8 19.Nxb6 Nxb6 20.Qxa5 Nd7 21.Bg5 Nf6 22.Nc2 h6 23.Bc1 Nd7
24.Ba3 Nc5 25.e5 Bxg2 26.Kxg2 Qb7+ 27.f3 Nxb3 28.axb3 Qxb3 29.Rd2 Qxc4 30.Bxd6 Rbc8
31.Ne3 Qb3 32.Ree2 f6 33.Qxa6 fxe5 34.Rb2 Qc3 35.Rbc2  1-0

[Event "FRA-ch"]
[Site "Val Thorens"]
[Date "1988.??.??"]
[Round "2"]
[White "Hauchard, Arnaud"]
[Black "Bernard, Christophe"]
[Result "1/2-1/2"]
[WhiteElo "2130"]
[BlackElo "2320"]

1.c4 Nf6 2.Nc3 c5 3.Nf3 g6 4.d4 cxd4 5.Nxd4 Bg7 6.e4 O-O 7.Be3 Nc6 8.Be2 b6
9.O-O Bb7 10.Rc1 Nxd4 11.Bxd4 Bh6 12.e5 Bxc1 13.exf6 Bg5 14.fxe7 Bxe7 15.Bf3 Bc6
16.Nd5 Rc8 17.Qd2 Bxd5 18.Bxd5 Bf6 19.Be3 d6 20.f4 Qe7 21.Rf3 Rc7 22.a4 Qd7
23.f5 Be5 24.Bh6 Qxa4 25.Bxf8 Kxf8 26.Ra3 Qd7 27.Rf3 f6 28.Be6 Qg7 29.b3 gxf5
30.Bxf5 h6 31.Qd5 Qg5 32.g3 Re7 33.Kg2 Qg8 34.Qa8+ Kg7 35.Qe4 Kh8 36.Rd3 Re8
37.Re3 Re7 38.Rd3 Re8  1/2-1/2

[Event "Yerevan"]
[Site "Yerevan"]
[Date "1988.??.??"]
[Round "?"]
[White "Olafsson, Helgi"]
[Black "Anastasian, Ashot"]
[Result "1/2-1/2"]
[WhiteElo "2510"]
[BlackElo "2445"]

1.Nf3 c5 2.c4 Nf6 3.Nc3 b6 4.g3 Bb7 5.Bg2 e6 6.O-O Be7 7.d4 cxd4 8.Qxd4 O-O
9.Rd1 Na6 10.Bf4 Rc8 11.Rac1 Nc5 12.Nb5 Nce4 13.Nd6 Nxd6 14.Bxd6 Bxd6 15.Qxd6 Bxf3
16.Bxf3 Qc7 17.Rc3 Rfd8 18.Qxc7 Rxc7 19.Kf1 Kf8 20.Rdc1 d6 21.e3 Nd7 22.Ke1 Ke7
23.Kd2 g5 24.h3 Rdc8 25.R3c2 a5 26.b3 Nc5 27.Ke2 h5 28.Rc3 h4 29.gxh4 gxh4
30.Rd1 f5 31.Rc2 a4 32.Rcd2 axb3 33.axb3 Nxb3 34.Rxd6 Rxc4 35.Rxb6 Rc2+ 36.Ke1 Rg8
37.Rxe6+ Kf7 38.Kf1 Nd2+ 39.Rxd2 Rxd2 40.Rh6 f4 41.exf4 Rb8 42.Rxh4 Rbb2
43.Kg1 Rxf2 44.Bd5+ Kf6 45.Rg4 Rfd2 46.Bg2  1/2-1/2

[Event "Zuerich op"]
[Site "Zuerich"]
[Date "1988.??.??"]
[Round "2"]
[White "Sehrt, Juergen"]
[Black "Tolnai, Tibor"]
[Result "0-1"]
[WhiteElo "2190"]
[BlackElo "2485"]

1.c4 c5 2.Nc3 Nf6 3.Nf3 g6 4.g3 Bg7 5.Bg2 Nc6 6.O-O O-O 7.d4 cxd4 8.Nxd4 Ng4
9.e3 d6 10.Nde2 a6 11.h3 Nf6 12.b3 Bd7 13.Bb2 Ne8 14.Qd2 Nc7 15.Rfd1 Ne6
16.Nd5 Rb8 17.Bxg7 Kxg7 18.Rac1 b6 19.Kh2 Re8 20.f4 f6 21.b4 Qc8 22.Nec3 Ncd8
23.Ne4 Nf7 24.Qb2 Qd8 25.g4 h6 26.Rd2 a5 27.a3 Bc6 28.h4 axb4 29.axb4 Nc7
30.g5 hxg5 31.hxg5 Nxd5 32.cxd5 Bd7 33.Rdc2 Rb7 34.Qd4 Rh8+ 35.Kg1 Rh4 36.gxf6+ exf6
37.Rc7 Rxc7 38.Rxc7 Qxc7 39.Qxf6+ Kf8 40.Qxh4 Qc1+ 41.Kf2 Bf5 42.Qf6 Qc2+  0-1

[Event "Nordic-tt"]
[Site "Aabybro"]
[Date "1989.??.??"]
[Round "?"]
[White "Dawidow, Jacek"]
[Black "Sorensen, Jan"]
[Result "1-0"]
[WhiteElo "2320"]
[BlackElo "2335"]

1.Nf3 Nf6 2.c4 c5 3.Nc3 g6 4.g3 Bg7 5.Bg2 Nc6 6.O-O O-O 7.d4 cxd4 8.Nxd4 Ng4
9.e3 d6 10.b3 Nxd4 11.exd4 Nh6 12.Nd5 Nf5 13.Bb2 Bd7 14.Ne3 Rb8 15.a4 Nxe3
16.fxe3 h5 17.Ra2 a6 18.d5 Bxb2 19.Rxb2 b5 20.axb5 axb5 21.Rbf2 bxc4 22.bxc4 Rb4
23.Be4 f5 24.Bd3 Qb6 25.Qe2 Rb3 26.Kh1 e5 27.dxe6 Bc6+ 28.Kg1 Re8 29.e7 Kg7
30.Qc2 Rxe7 31.c5 dxc5 32.Bxf5 c4 33.Bxg6 Qxe3 34.Bxh5 Re4 35.Bf3 Re6 36.Bxc6 Rxc6
37.Kg2 Rc7 38.Qf5 Qe7 39.Qg4+ Kh7 40.Kh3 Qg7 41.Qh4+ Kg8 42.Rf5 Qd7 43.Qg4+  1-0

[Event "Nordic-tt"]
[Site "Aabybro"]
[Date "1989.??.??"]
[Round "?"]
[White "Ostenstad, Berge"]
[Black "Schmittdiel, Eckhard"]
[Result "1/2-1/2"]
[WhiteElo "2430"]
[BlackElo "2435"]

1.Nf3 Nf6 2.c4 e6 3.Nc3 c5 4.g3 Nc6 5.Bg2 d5 6.cxd5 exd5 7.d4 Be6 8.O-O Rc8
9.Bg5 h6 10.Bxf6 Qxf6 11.e4 Nxd4 12.Nxd4 cxd4 13.Nxd5 Bxd5 14.exd5 Bc5 15.Qa4+ Kd8
16.Rac1 Qa6 17.Qd1 Qf6 18.Re1 Rc7 19.Qd3 Qd6 20.a3 Bb6 21.Rxc7 Kxc7 22.Qf5 Rf8
23.h4  1/2-1/2

[Event "Albacete"]
[Site "Albacete"]
[Date "1989.??.??"]
[Round "5"]
[White "De la Villa Garcia, Jesus Maria"]
[Black "Ochoa de Echaguen, F Javier"]
[Result "1/2-1/2"]
[WhiteElo "2430"]
[BlackElo "2435"]

1.c4 c5 2.Nf3 Nf6 3.Nc3 d5 4.cxd5 Nxd5 5.e4 Nc7 6.d4 cxd4 7.Qxd4 Qxd4 8.Nxd4 e5
9.Ndb5 Nxb5 10.Nxb5 Bb4+ 11.Bd2 Bxd2+ 12.Kxd2 Na6 13.Rc1 Ke7 14.Nc7 Rd8+
15.Bd3 Nxc7 16.Rxc7+ Rd7 17.Rhc1 Kd8 18.Rxd7+ Bxd7 19.Bc4 f6 20.Bd5 Rb8 21.Rc3 b6
22.h4 g6 23.b4 Rc8 24.Bg8 h6 25.Rxc8+ Kxc8 26.Kd3 Kc7 27.Kc4 Kd6 28.Bf7 g5
29.hxg5 hxg5 30.a3  1/2-1/2

[Event "Albacete"]
[Site "Albacete"]
[Date "1989.??.??"]
[Round "10"]
[White "Gomez Esteban, Juan Mario"]
[Black "De la Villa Garcia, Jesus Maria"]
[Result "1/2-1/2"]
[WhiteElo "2460"]
[BlackElo "2430"]

1.c4 Nf6 2.Nf3 c5 3.Nc3 d5 4.cxd5 Nxd5 5.e4 Nc7 6.d4 cxd4 7.Qxd4 Qxd4 8.Nxd4 e5
9.Ndb5 Nxb5 10.Bxb5+ Bd7 11.O-O Bc5 12.Be3 Bxe3 13.fxe3 Nc6 14.Nd5 Rc8 15.Rac1  1/2-1/2

[Event "Alicante op"]
[Site "Alicante"]
[Date "1989.??.??"]
[Round "?"]
[White "Bellon Lopez, Juan Manuel"]
[Black "Fernandez Garcia, Jose L"]
[Result "1/2-1/2"]
[WhiteElo "2470"]
[BlackElo "2440"]

1.Nf3 Nf6 2.c4 g6 3.Nc3 c5 4.d4 cxd4 5.Nxd4 Nc6 6.Nc2 Bg7 7.e4 d6 8.Be2 Nd7
9.O-O O-O 10.Bd2 Nc5 11.b4 Ne6 12.Rb1 Ned4 13.Nxd4 Nxd4 14.Bd3 e5 15.Ne2 Nxe2+
16.Qxe2 Be6 17.f4 exf4 18.Bxf4 Be5 19.Bxe5 dxe5 20.Rfd1 a5 21.a3 axb4 22.axb4 Qd4+
23.Qf2 Rfd8 24.Qxd4 Rxd4 25.Be2 Rxe4 26.Bf3 Rxc4 27.Bxb7 Rb8 28.Bd5 Rcxb4
29.Rxb4 Rxb4 30.Bxe6 fxe6 31.Rd7 Rf4 32.Re7 Rf6 33.g4 e4 34.g5 Rf5 35.Rxe6 Rxg5+
36.Kf2 Rg4 37.Re7 Rh4 38.Kg3 g5 39.Re5 h6 40.Re7 Kf8 41.Rb7 Rf4 42.Ra7 Rf7
43.Ra4 Re7 44.Kf2 Kg7 45.Ke3 Kg6 46.Rxe4 Rf7 47.h3 Kh5 48.Ke2 Rf6 49.Ra4 Rf8
50.Rb4 Rf5 51.Ra4 Rf6 52.Rb4 Kg6 53.Ra4 Rf8 54.Ra6+ Rf6 55.Ra4 Rf4 56.Ra6+ Kh5
57.Rb6 Rh4 58.Rb3 Rc4 59.Kf2 Kh4 60.Kg2 Rc2+ 61.Kg1 Rc1+ 62.Kg2 Rc2+ 63.Kg1 h5
64.Ra3 g4 65.hxg4 hxg4 66.Rb3 g3 67.Rb8  1/2-1/2

[Event "Altensteig"]
[Site "Altensteig"]
[Date "1989.??.??"]
[Round "?"]
[White "Bischoff, Klaus"]
[Black "Kindermann, Stefan"]
[Result "1/2-1/2"]
[WhiteElo "2500"]
[BlackElo "2530"]

1.Nf3 Nf6 2.c4 c5 3.Nc3 e6 4.g3 b6 5.Bg2 Bb7 6.O-O a6 7.Re1 d6 8.e4 Be7 9.d4 cxd4
10.Nxd4 Qc7 11.Be3 O-O 12.Rc1 Nbd7 13.f4 Rfe8 14.g4 Nc5 15.Bf2 g6 16.b4  1/2-1/2

[Event "Arco op"]
[Site "Arco di Trento"]
[Date "1989.??.??"]
[Round "6"]
[White "Yermolinsky, Alex"]
[Black "Kovacevic, Slobodan"]
[Result "1-0"]
[WhiteElo "2480"]
[BlackElo "2450"]

1.c4 c5 2.Nf3 b6 3.Nc3 Nf6 4.e4 d6 5.d4 cxd4 6.Nxd4 Bb7 7.Bd3 g6 8.O-O Bg7
9.Bg5 O-O 10.Qd2 Nbd7 11.Rfe1 Rc8 12.Bf1 a6 13.Rad1 Re8 14.f3 Qc7 15.Nd5 Qb8
16.b3 e6 17.Nc3 Bf8 18.Kh1 Be7 19.Rc1 Rc5 20.Be3 Rcc8 21.Qf2 Bd8 22.Red1 Qa8
23.Nc2 Qb8 24.Qd2 Bc7 25.Bf4 Ne5 26.Bg5 Ned7 27.Ne3 h5 28.Bf4 Ne5 29.Bg3 Kg7
30.Qb2 Kg8 31.Qf2 Bd8 32.Be2 Qc7 33.f4 Ned7 34.f5 Ne5 35.Bxe5 dxe5 36.fxg6 fxg6
37.Bf3 Be7 38.Rd3 Red8 39.Rcd1 Rxd3 40.Rxd3 Kg7 41.Qd2 Bc6 42.a4 Rd8 43.Rxd8 Bxd8
44.b4 Be7 45.Nc2 Be8 46.Be2 a5 47.b5 Nd7 48.Qe3 Qd8 49.Ne1 Bg5 50.Qd3 Qe7
51.Nf3 Bf6 52.h3 Qa3 53.Bd1 Be7 54.Bc2 Qc1+ 55.Nd1 Bb4 56.Qe2 Bf7 57.g3 g5
58.Kg2 g4 59.hxg4 hxg4 60.Nh2 Bh5 61.Nf2 Bc5 62.Qd1 Qxd1 63.Bxd1 Bxf2 64.Kxf2 Nc5
65.Ke3 Kf8 66.Bxg4 Bxg4 67.Nxg4 Nxa4 68.Nxe5 Ke7 69.Kd4 Nc5 70.Nd3 e5+ 71.Nxe5 a4
72.Nd3  1-0

[Event "ARG-ch"]
[Site "?"]
[Date "1989.??.??"]
[Round "2"]
[White "Rubinetti, Jorge A"]
[Black "Paglilla, Carlos"]
[Result "1/2-1/2"]
[WhiteElo "2460"]
[BlackElo "2395"]

1.Nf3 c5 2.c4 Nf6 3.Nc3 d5 4.cxd5 Nxd5 5.e4 Nxc3 6.dxc3 Qxd1+ 7.Kxd1 b6 8.a4 Bb7
9.Bb5+ Nc6 10.Re1 a6 11.Bf1 e6 12.Bf4 O-O-O+ 13.Kc2 Bd6  1/2-1/2

[Event "ARG-ch"]
[Site "?"]
[Date "1989.??.??"]
[Round "4"]
[White "Rubinetti, Jorge A"]
[Black "Walicki, Diego"]
[Result "1/2-1/2"]
[WhiteElo "2460"]
[BlackElo "2255"]

1.Nf3 Nf6 2.c4 c5 3.Nc3 b6 4.g3 Bb7 5.Bg2 g6 6.O-O Bg7 7.d4 cxd4 8.Nxd4 Bxg2
9.Kxg2 Qc7 10.Qd3 O-O 11.f3 Nc6 12.Nxc6 dxc6 13.Bf4 Qd7 14.Rfd1 Qxd3 15.Rxd3 Rfd8
16.Rad1 Rxd3 17.Rxd3 Kf8 18.a4 Ke8 19.Be5 Rd8 20.a5 Rxd3 21.exd3 bxa5 22.Na4 Nh5
23.Bc7 Bd4 24.f4 Ng7 25.Bxa5 Ne6 26.Bb4 Kd7 27.Kf3 h5 28.h3 f5 29.Bc3 c5
30.Bd2 Bf6 31.Bc3 Bd4 32.h4 Kc6 33.Ke2 Kd7 34.Be1 Bf6 35.Kd1 Kc6 36.Nc3 Nc7
37.Kc2 Bd4 38.Ne2 Be3 39.b4 Ne6 40.b5+ Kd6 41.Bc3 Kc7 42.Kd1 Bf2 43.Be1 Bd4
44.Nxd4 Nxd4 45.Bf2 Ne6 46.Kc2 Kb6 47.Kc3 a6 48.bxa6 Kxa6 49.d4 cxd4+ 50.Bxd4 Kb7
51.c5 Kc6 52.Kc4 Nc7 53.Bf2 Ne6 54.Be3 Nd8 55.Kd4 Nf7 56.Bd2 e6 57.Bc3 Kb5
58.Be1 Kc6 59.Ba5 Kd7 60.Bc3 Kc6 61.Ba5 Kd7  1/2-1/2

[Event "ARG-ch"]
[Site "?"]
[Date "1989.??.??"]
[Round "17"]
[White "Panno, Oscar"]
[Black "Walicki, Diego"]
[Result "1-0"]
[WhiteElo "2495"]
[BlackElo "2255"]

1.Nf3 Nf6 2.c4 c5 3.Nc3 b6 4.e4 d6 5.d4 cxd4 6.Nxd4 Bb7 7.Qe2 g6 8.g3 Bg7
9.Bg2 Nc6 10.Nxc6 Bxc6 11.O-O O-O 12.Bg5 Rc8 13.Rfd1 h6 14.Be3 Qc7 15.Rac1 Qb7
16.f3 Rfd8 17.Bf1 Qb8 18.b4 Bb7 19.Qd2 Kh7 20.Bd3 e6 21.Bd4 d5 22.cxd5 exd5
23.e5 Nd7 24.f4 Nf8 25.h4 h5 26.Kh2 Ne6 27.Bf2 Kg8 28.Nb5 Bf8 29.Nd4 Nxd4
30.Bxd4 Bg7 31.Re1 Rxc1 32.Qxc1 Re8 33.f5 Bxe5 34.Rxe5 Rxe5 35.fxg6 Re6 36.Qh6  1-0

[Event "Akropolis op"]
[Site "Athens"]
[Date "1989.??.??"]
[Round "?"]
[White "Muco, Fatos"]
[Black "Marinkovic, Ivan"]
[Result "1/2-1/2"]
[WhiteElo "2425"]
[BlackElo "2420"]

1.Nf3 Nf6 2.c4 c5 3.Nc3 b6 4.g3 Bb7 5.Bg2 g6 6.b3 Bg7 7.Bb2 O-O 8.O-O Na6
9.d4 d5 10.dxc5 Nxc5 11.Nxd5 Nxd5 12.Bxg7 Kxg7 13.cxd5 Qxd5 14.Qxd5 Bxd5
15.Rfd1  1/2-1/2